100 Six Letter Cities - Around The World - Statistics

General Stats
  • This quiz has been taken 127 times
  • The average score is 64 of 100
Answer Stats
Hint Answer % Correct
... is the capital city of Philipines Manila
94%
The home of Bollywood Movies Mumbai
94%
The capital city of Turkey is Ankara
92%
The eighth largest city in European Union is also the capital city of Greece Athens
92%
The 9th most populous city in the US and the 3rd most populous city in Texas state is the site of JFK assasination Dallas
92%
Brandenburg Gate is located at this Capital City of Germany Berlin
91%
The capital city of United Kingdom is London
91%
The capital city of Iran is Tehran
91%
The capital city of Austria is Vienna
91%
... is the capital city of Colombia Bogota
90%
The capital city of Ireland is Dublin
90%
The second largest city in European Union is also the home of Barcelona FC biggest rival Madrid
90%
The 1980 Summer Olympics was held at ... , Russia Moscow
90%
... is the third largest city in Italy and it's famous for Pizza cuisine Naples
90%
... is the capital city of Canada Ottawa
90%
The capital city of Saudi Arabia is Riyadh
89%
... is the capital city of Albania Tirana
89%
... is the capital city of Lebanon and a massive explosion that happened in the port in 2020 Beirut
87%
"The Mile High City" Denver
87%
BMW, Siemens, and Allianz have their HQ at Munich
87%
The capital city of Bahamas is Nassau
87%
This Australian city was named after famous british biologist whose first name was "Charles" Darwin
86%
Jose Marti International Airport is located at this largest city in Cuba Havana
86%
Joaquim de Almeida is an actor who played in Fast Furious franchise and born in this capital city of Portugal Lisbon
86%
... is the capital city of Angola Luanda
86%
LOT Polish airlines has a main headquarters at ..., Poland Warsaw
86%
... is the capital city of Rwanda Kigali
85%
... is the second largest city in Pakistan Lahore
85%
Kazakhstan has two capital cities with Almaty is the first, then followed by Astana
82%
This polish city is known in German language as "Danzig" Gdansk
82%
Lies on Vltava river, this city is the historical capital of Bohemia Prague
82%
the capital city of North Macedonia is Skopje
82%
Located on the northeast coast of the Yucatán Peninsula, this city becomes tourist attraction in Mexico Cancun
81%
The second most populous in Switzerland and The most popuplous city in French-speaking Romandy is located at Geneva
81%
Formerly known as Salisbury, this city is the most population in Zimbabwe Harare
81%
The capital city of Zambia is Lusaka
81%
The capital city of Oman and one of the type of Grapes Muscat
81%
The home of the oldest university in the English-speaking world Oxford
81%
After Montreal, this city is the second largest population in Quebec province Quebec
81%
In 1974, Tanzania moved its capital city from Dae er Salaam to Dodoma
80%
The 7th largest city in West Africa is the capital city of Mali Bamako
78%
... is the capital city of Mozambique Maputo
78%
The 2000 Summer Olympics was held at Sydney
78%
The second largest city in Syria is located at Aleppo
77%
This city is located in the center of Amazon rainforest and the 7th largest city in Brazil Manaus
77%
The second holiest city in Islam is also the fourth largest city in Saudi Arabia Medina
77%
... is the capital city of Bahrain Manama
76%
The only capital city in the world that starts with Z Zagreb
76%
In 2018, this South African city was chosen as a UNESCO World City of Literature on African Continent Durban
75%
It's formerly known as "Rangoon" Yangon
73%
The capital city of Eritrea is Asmara
72%
This city held its first marathon in the US in 1897 and became the oldest World Marathon Major Event in the world Boston
72%
Main Headquarters of FIFA is located at Zurich
72%
The capital city of Central African Republic is Bangui
71%
This Gambian city is formerly known as Bathurst in 19th century Banjul
71%
Located in Thailand, this city is famous for beach tourism Phuket
71%
... is the capital city of Dominica Roseau
68%
In 2021, Saudi Arabia held its first Formula One race in Corniche Circuit which is located at Jeddah
67%
In 1610, Tokugawa Ieyasu, moved the capital of Owari Province from Kiyosu to this fourth largest city in Japan Nagoya
67%
... is the second largest city in Denmark Aarhus
66%
The largest city and the economic capital in Cameroon Douala
66%
... is the third largest city in Nigeria after Lagos and Kano Ibadan
66%
Veneza Brasileira or Venice of Brazil is the nickname of the 9th largest city in Brazil Recife
65%
... is the capital city of Comoros Moroni
63%
After Bujumbura, the capital city of Burundi is moved to Gitega
62%
Lies on Niger river, this city is important for manufacturing industries include bricks, ceramic goods, cement, and weaving Niamey
62%
The capital and the largest city of the north-western Indian state of Rajasthan and 268 km away from New Delhi Jaipur
58%
Circuit of The Americas, or COTA, is a famous circuit that held its first Formula One United States Grand Prix in 2012, and it's located at Austin
57%
Located in Aichi Prefecture, this city named after one of the famous car brand in the world Toyota
57%
In 2017, Asia Pacific Economic Cooperation Forum was held at ... , Vietnam Da Nang
56%
the fourth largest city in Ukraine is 391 km away from Kiev Dnipro
54%
Founded in 1531 in an area called Cuetlaxcoapan, this city is now the fourth largest population in Mexico Puebla
54%
The most populous city in Philipines named after the second president of Philipines Quezon
54%
The second largest city in Ghana and 200 km away from Accra Kumasi
51%
the Stade de la Beaujoire Stadium which held the FIFA World Cup 1998 is at ... , France Nantes
51%
The third largest city in Saudi Arabia after Riyadh and Jeddah is Dammam
49%
Charles Leclerc finally won his homerace for the first time in 2024 at Monaco
49%
Krylia Sovetov is a russian professional football club based at this city that formerly known as Kuybyshev Samara
49%
Since 12th Century, This Fujian province city is important for many Migrants to Malaysia, Indonesia, Singapore, and Philipines Xiamen
46%
It's the 12th most populous city in India and the primary financial and commercial centre of northern India Kanpur
44%
Located at Anhui province, this city is formerly known as Suchow Suzhou
42%
The second largest city in Georgia is located on the coast of the Black Sea Batumi
41%
... is the capital and largest city of the French special collectivity of New Caledonia Noumea
39%
It's famous for Tanabata Matsuri Festival which held annually on July 7th in this Miyagi Prefecture city Sendai
29%
The fourth largest city in Finland is located at north of Helsinki Vantaa
28%
... is the second largest city in Montenegro Niksic
25%
The third largest city in Bahrain after Dhaka and Chittagong is Khulna
24%
Located in along Mekong Delta Region, this fourth largest city in Vietnam is hometown of Jubilee cast of superhero film X-Men : Apocalypse, Trần Đồng Lan a.k.a. Lana Condor Can Tho
23%
The hometown of spanish Formula One driver for Aston Martin team, Fernando Alonso Oviedo
22%
William Wongso is the culinary expert from Indonesia, who was born in this city which has University of Brawijaya Malang
19%
This fifth largest city in Tanzania is also known as Rock City Mwanza
19%
This is the most populous city in Sumatra and the capital city of West Sumatra province Padang
16%
This city was a capital city of Kingdom of Tarumanegara and its former name at the time was Jayagiri Bekasi
13%
Lies on Pearl river mouth, this city is one of the "Chinese Riviera" because it's a premier tourist destination in China Zhuhai
8%
The hometown of the bronze medalist in the Tokyo Olympic 2020 Badminton, Anthony Sinisuka Ginting Cimahi
5%
The hometown of Haas F1 Driver, Esteban Ocon Evreux
4%
The northernmost and westernmost city of Indonesia is located at Aceh province and lies on Bay of Bengal Sabang
4%
This russian city is a hometown of former Formula One driver from 2010-2012, Vitaly Petrov Vyborg
4%
Marten Paes is the Indonesian National Football Team Goalkeeper who plays for FC Dallas and whose grandmother was born in this third-largest city in East Java Province Kediri
3%
In 1950, this city was an early manuver Korean War between North Korea and South Korea Andong
1%
No matching quizzes found
Score Distribution
Percent of People with Each Score
Percentile by Number Answered
Your Score History
You have not taken this quiz